| 000 | 00578nam a2200217Ia 4500 | ||
|---|---|---|---|
| 999 |
_c8459 _d8459 |
||
| 003 | 0100 | ||
| 005 | 20190228142156.0 | ||
| 008 | 130303s9999 xx 000 0 und d | ||
| 020 | _a899195385 | ||
| 040 | _cARRUPELIB | ||
| 050 | _aHQ801.K36 1988 | ||
| 100 |
_aKatz, Stan J _944911 |
||
| 245 |
_aFalse love and other romantic illusions _bwhy love goes wrong and how to make it right _cStan J. Katz and Aimee E. Liu |
||
| 260 |
_aNew York _bTicknor Fields _c1988 |
||
| 300 |
_a344 p. ; _c23 cm. |
||
| 650 |
_bLove _944912 |
||
| 650 |
_bInterpersonal relations _944913 |
||
| 700 |
_aDr.Stan J. Katz Aimee E. Liu , Liu, Aimee E _944914 |
||
| 942 |
_2lcc _cMONOGRAPH |
||